<?xml version="1.0" encoding="UTF-8"?>
<record
    xmlns:xsi="http://www.w3.org/2001/XMLSchema-instance"
    xsi:schemaLocation="http://www.loc.gov/MARC21/slim http://www.loc.gov/standards/marcxml/schema/MARC21slim.xsd"
    xmlns="http://www.loc.gov/MARC21/slim">

  <leader>01539nam a22002297a 4500</leader>
  <controlfield tag="005">20221125161708.0</controlfield>
  <controlfield tag="008">221125b           ||||| |||| 00| 0 eng d</controlfield>
  <datafield tag="020" ind1=" " ind2=" ">
    <subfield code="a">9788184005967</subfield>
  </datafield>
  <datafield tag="040" ind1=" " ind2=" ">
    <subfield code="c">AL</subfield>
  </datafield>
  <datafield tag="041" ind1=" " ind2=" ">
    <subfield code="a">English</subfield>
  </datafield>
  <datafield tag="082" ind1=" " ind2=" ">
    <subfield code="2">23</subfield>
    <subfield code="a">820.33</subfield>
    <subfield code="b">CHAM</subfield>
  </datafield>
  <datafield tag="100" ind1=" " ind2=" ">
    <subfield code="a">Novoneel Chakraborty</subfield>
    <subfield code="9">63826</subfield>
  </datafield>
  <datafield tag="245" ind1=" " ind2=" ">
    <subfield code="a">Marry Me Stranger: Book one of the stranger Trilogy</subfield>
  </datafield>
  <datafield tag="260" ind1=" " ind2=" ">
    <subfield code="a">Haryana</subfield>
    <subfield code="b">Penguin Random House India Pvt Ltd</subfield>
    <subfield code="c">2014</subfield>
  </datafield>
  <datafield tag="300" ind1=" " ind2=" ">
    <subfield code="a">268 p.</subfield>
    <subfield code="b">PB</subfield>
    <subfield code="c">20x12 cm.</subfield>
  </datafield>
  <datafield tag="365" ind1=" " ind2=" ">
    <subfield code="a">6071</subfield>
    <subfield code="b">&#x20B9;140.00</subfield>
    <subfield code="c">&#x20B9;</subfield>
    <subfield code="d">&#x20B9;175.00</subfield>
    <subfield code="e">20%</subfield>
    <subfield code="f">23-11-2022</subfield>
  </datafield>
  <datafield tag="520" ind1=" " ind2=" ">
    <subfield code="a">HE HAS NO VOICE, NO FACE, NO NAME, NO IDENTITY . BUT HE HAS AN INTENTION. I m Rivanah Bannerjee, a young and independent girl living alone in Mumbai. My parents love me, my boyfriend adores me and I have a great job. But here s the thing: my life is in danger. Someone s been following me around, watching my every move, trying to get control over my life. At first I thought it was a silly prank to gain my attention. My roomie suggested he must be a secret admirer. Is he? What he doesn t know is the police have set a trap to nab him. Soon I ll know if it s simply a lover s obsession or if there is more to it. BTW, I call him Stranger. From the bestselling author of EX, How About a Sin Tonight?, That Kiss in the Rain and A Thing beyond Forever comes a racy tale gravid with emotional twists, relationship quirks, and mind numbing revelations.</subfield>
  </datafield>
  <datafield tag="650" ind1=" " ind2=" ">
    <subfield code="a">Fiction</subfield>
    <subfield code="9">63772</subfield>
  </datafield>
  <datafield tag="650" ind1=" " ind2=" ">
    <subfield code="a">Indian English Fiction</subfield>
    <subfield code="9">63827</subfield>
  </datafield>
  <datafield tag="700" ind1=" " ind2=" ">
    <subfield code="a">CHAKRABORTY (Novoneel)</subfield>
    <subfield code="9">63773</subfield>
  </datafield>
  <datafield tag="942" ind1=" " ind2=" ">
    <subfield code="2">ddc</subfield>
    <subfield code="c">BK</subfield>
  </datafield>
  <datafield tag="999" ind1=" " ind2=" ">
    <subfield code="c">225331</subfield>
    <subfield code="d">225331</subfield>
  </datafield>
  <datafield tag="952" ind1=" " ind2=" ">
    <subfield code="0">0</subfield>
    <subfield code="1">0</subfield>
    <subfield code="2">ddc</subfield>
    <subfield code="4">0</subfield>
    <subfield code="7">0</subfield>
    <subfield code="8">GEN</subfield>
    <subfield code="a">AL</subfield>
    <subfield code="b">AL</subfield>
    <subfield code="d">2022-11-24</subfield>
    <subfield code="e">Biblios Book Point Surathkal Mangalore 575014</subfield>
    <subfield code="g">140.00</subfield>
    <subfield code="l">34</subfield>
    <subfield code="m">1</subfield>
    <subfield code="o">820.33 CHAM</subfield>
    <subfield code="p">076254</subfield>
    <subfield code="r">2026-02-17 10:57:54</subfield>
    <subfield code="s">2026-02-16</subfield>
    <subfield code="v">175.00</subfield>
    <subfield code="w">2022-11-25</subfield>
    <subfield code="y">BK</subfield>
  </datafield>
</record>
